Stemmi Squadre di calcio dal dettaglio - Italia - Quiz n°1 - Statistics

Statistiche generali
  • Questo quiz è stato fatto 41 volte
  • Il punteggio medio è 7 su 10
Statistiche sulle risposte
con Immagini Risposta % Corretto
Juventus
100%
Brescia
92%
Cittadella
89%
Como
89%
Sassuolo
73%
Entella
70%
Piacenza
59%
Arezzo
38%
Legnano
30%
Cavese
19%
Nessun quiz corrispondente trovato
Distribuzione punteggi
Percentuale di utenti per punteggio
Percentile per numero di risposta
I tuoi punteggi nel tempo
Non hai fatto questo quiz